Movies Quiz

Random Movies or Actress Quiz

2000s Movies by Cast Quiz Stats

 Plays Quiz Updated Jan 19, 2012

Challenge
Share
Tweet
Embed
Score 0/30 Timer 06:00
0 Plays Today
Cast 2000s Movie % Correct
Seth Rogen, Katherine Heigl, Paul Rudd, Leslie MannKnocked Up
82.5%
Lindsay Lohan, Rachel McAdams, Lizzy Caplan, Lacey ChabertMean Girls
81.4%
Adam Sandler, Jack Nicholson, Marisa Tomei, Luis GuzmanAnger Management
77.4%
Leonardo DiCaprio, Matt Damon, Jack Nicholson, Mark WahlbergThe Departed
76.3%
Heath Ledger, Jake Gyllenhaal, Anne Hathaway, Randy QuaidBrokeback Mountain
75.3%
Meryl Streep, Anne Hathaway, Emily Blunt, Stanley TucciThe Devil Wears Prada
67.1%
Beyoncé Knowles, Jamie Foxx, Eddie Murphy, Jennifer HudsonDreamgirls
65.6%
Jack Black, Joan Cusack, Miranda Cosgrove, Sarah SilvermanSchool of Rock
64.6%
Renée Zellweger, Catherine Zeta-Jones, Richard Gere, Queen LatifahChicago
64.3%
Mickey Rourke, Marisa Tomei, Evan Rachel Wood, Mark MargolisThe Wrestler
64%
Abigail Breslin, Greg Kinnear, Steve Carell, Toni ColletteLittle Miss Sunshine
63.7%
Will Ferrell, James Caan, Zooey Deschanel, Bob NewhartElf
59.8%
Will Ferrell, Jon Heder, Will Arnett, Amy PoehlerBlades of Glory
56.7%
Mel Gibson, Helen Hunt, Marisa Tomei, Alan AldaWhat Women Want
56.1%
Bill Murray, Scarlett Johansson, Giovanni Ribisi, Anna FarisLost in Translation
55.6%
Cast 2000s Movie % Correct
Jon Heder, Jon Gries, Efren Ramirez, Tina MajorinoNapoleon Dynamite
55.4%
Sean Penn, Tim Robbins, Kevin Bacon, Laurence FishburneMystic River
47.2%
Charlize Theron, Christina Ricci, Bruce Dern, Lee TergesenMonster
46.1%
George Clooney, Vera Farmiga, Anna Kendrick, Jason BatemanUp in the Air
45.8%
Don Cheadle, Sophie Okonedo, Joaquin Phoenix, Nick NolteHotel Rwanda
43.9%
John Corbett, Nia Vardalos, Lainie Kazan, Michael ConstantineMy Big Fat Greek Wedding
43.3%
Mel Gibson, Joaquin Phoenix, Rory Culkin, Abigail BreslinSigns
43.3%
Leonardo DiCaprio, Cate Blanchett, Alan Alda, Kate BeckinsaleThe Aviator
40.2%
Don Cheadle, Sandra Bullock, Matt Dillon, Jennifer EspositoCrash
39.5%
Philip Seymour Hoffman, Catherine Keener, Clifton Collins, Jr., Amy RyanCapote
34.2%
Denzel Washington, Russell Crowe, Cuba Gooding, Jr., Josh BrolinAmerican Gangster
30%
Jake Gyllenhaal, Jena Malone, Mary McDonnell, Drew BarrymoreDonnie Darko
29.4%
Michael Douglas, Don Cheadle, Benicio del Toro, Dennis QuaidTraffic
28.8%
John Cusack, Jack Black, Iben Hjejle, Todd LouisoHigh Fidelity
25%
Michael Douglas, Tobey Maguire, Robert Downey, Jr., Frances McDormandWonder Boys
12%

You're not logged in!

Compare scores with friends on all Sporcle quizzes.
OR
Log In

You Might Also Like...

Show Comments

Extras

Top Quizzes Today


Score Distribution

Your Account Isn't Verified!

In order to create a playlist on Sporcle, you need to verify the email address you used during registration. Go to your Sporcle Settings to finish the process.

Report this User

Report this user for behavior that violates our Community Guidelines.

Details: